000 00665nam a2200289Ia 4500
005 20260324141037.0
008 008 260324s9999 xx 000 0 eng d
020 _a9780203760505
037 _aEBOOK
040 _aCRL
040 _beng
040 _cCRL
041 _2eng
041 _aeng
084 _qCRL
100 _aShane Phelan
_91206707
245 0 _aPlaying with Fire
245 0 _bQueer Politics, Queer Theories
260 _bTaylor and Francis
260 _c1997
365 _a
365 _b280
856 _uhttp://www.taylorfrancis.com/books/9780203760505
942 _cEBOOK
999 _c1809381
_d1809381